Text Book Of Orthodontics (Record no. 15547)

MARC details
000 -LEADER
fixed length control field 00340nam a22001457a 4500
003 - CONTROL NUMBER IDENTIFIER
control field SGT
020 ## - INTERNATIONAL STANDARD BOOK NUMBER
International Standard Book Number 9788181913289
082 ## - DEWEY DECIMAL CLASSIFICATION NUMBER
Classification number 617.643
Item number T16G
100 ## - MAIN ENTRY--PERSONAL NAME
Personal name Gowri Sankar S
245 ## - TITLE STATEMENT
Title Text Book Of Orthodontics
260 ## - PUBLICATION, DISTRIBUTION, ETC. (IMPRINT)
Place of publication, distribution, etc NEW DELHI
Name of publisher, distributor, etc Paras Medical Publisher
Year of Publication 2016
300 ## - PAGE DESCRIPTION
No. of Pages 788
650 ## - SUBJECT ADDED ENTRY--TOPICAL TERM
Topical term or geographic name as entry element Orthodontics
942 ## - ADDED ENTRY ELEMENTS (KOHA)
Source of classification or shelving scheme Dewey Decimal Classification
Koha item type Books
942 ## - ADDED ENTRY ELEMENTS (KOHA)
-- 61
Holdings
Withdrawn status Lost status Source of classification or shelving scheme Damaged status Not for loan Home library Current library Shelving location Date acquired Vendor Name Cost, normal purchase price SGTU Bill Number Total Checkouts Full call number Accession No. (Barcode) Date last seen Date last borrowed Bill Date Koha item type Total Renewals
    Dewey Decimal Classification     SGT Dental Library SGT Dental Library Text Book 13/06/2018 ABC 1295.00 SGTU 9730 93 617.643 T16G FD7612 27/05/2026 12/05/2026 15/05/2018 Books  
    Dewey Decimal Classification     SGT Dental Library SGT Dental Library Text Book 13/06/2018 ABC 1295.00 SGTU 9730 61 617.643 T16G FD7613 20/05/2026 20/05/2026 15/05/2018 Books  
    Dewey Decimal Classification     SGT Dental Library SGT Dental Library Text Book 13/06/2018 ABC 1295.00 SGTU 9730 105 617.643 T16G FD7614 31/03/2026 31/03/2026 15/05/2018 Books  
    Dewey Decimal Classification     SGT Dental Library SGT Dental Library Text Book 13/06/2018 ABC 1295.00 SGTU 9730 100 617.643 T16G FD7615 24/04/2026 24/04/2026 15/05/2018 Books 1
    Dewey Decimal Classification     SGT Dental Library SGT Dental Library Text Book 13/06/2018 ABC 1295.00 SGTU 9730 45 617.643 T16G FD7616 20/05/2026 18/05/2026 15/05/2018 Books